LEADER 02102nam0 22004693i 450 001 RAV0002950 005 20251003044318.0 010 $a8870112268 100 $a19860305d1985 ||||0itac50 ba 101 | $aita$ceng 102 $ait 181 1$6z01$ai $bxxxe 182 1$6z01$an 183 1$6z01$anc$2RDAcarrier 200 1 $aSaggi sulla teoria delle fluttuazioni economiche$fMichal Kalecki$ga cura di Vincenzo Denicolò e Massimo Matteuzzi 210 $aTorino$cRosenberg & Sellier$d1985 215 $a189 p.$d21 cm 225 | $aEconomia$v40 300 $aTrad. di vari. 410 0$1001CFI0019881$12001 $aEconomia$v40 500 10$aEssays in the Theory of Economic Fluctuations. -$3RAV0002955$9CFIV108044$950453 606 $aECONOMIA$xTEORIA DELLE FLUTTUAZIONI$2FIR$3IEIC005385$9I 676 $a338.5$9ECONOMIA GENERALE DELLA PRODUZIONE$v12 676 $a338.54$9FLUTTUAZIONI ECONOMICHE$v19 676 $a338.54$9ECONOMIA GENERALE DELLA PRODUZIONE. FLUTTUAZIONI ECONOMICHE$v20 676 $a338.54$9$v21 676 $a338.542$9FLUTTUAZIONI ECONOMICHE. CICLI ECONOMICI$v23 696 $aEconomia reale$aAttività economiche$aAspetti economici 699 $aEconomia$yEconomia reale 699 $aEconomia$zAttività economiche 699 $aEconomia$zAspetti economici 700 1$aKalecki$b, Micha?$f <1899-1970>$3CFIV108044$4070$0101755 702 1$aMatteuzzi$b, Massimo$3CFIV014910 702 1$aDenicolò$b, Vincenzo$3CFIV085982 801 3$aIT$bIT-000000$c19860305 850 $aIT-BN0095 901 $bNAP 01$cPOZZO LIB.$nVi sono collocati fondi di economia, periodici di ingegneria e scienze, periodici di economia e statistica e altri fondi comprendenti documenti di economia pervenuti in dono. 912 $aRAV0002950 950 0$aBiblioteca Centralizzata di Ateneo$c1 v.$d 01POZZO LIB.ECON MON 7220$e 0101 0700230705E VMA 1 v. (Precedente collocazione 23 Ec 070)$fB $h20220802$i20220802 977 $a 01 996 $aEssays in the Theory of Economic Fluctuations$950453 997 $aUNISANNIO